Thrillers sud-coréens - Statistiques

Statistiques générales
  • Ce quiz a été pris 37 fois
  • Le résultat moyen est 3 sur 16
Statistiques - réponses
Par images Réponse % Correct
Dernier train pour Busan
59%
Memories of murder
53%
Old boy
50%
The call
29%
J'ai rencontré le diable
21%
Lady Vengeance
21%
The strangers
21%
Silenced
15%
The chaser
15%
A bittersweet life
12%
Hard Day
9%
Memoir of a murderer
9%
Hope
6%
Secret sunshine
6%
Barking Dogs never bite
3%
Emergency declaration
3%
Aucun quiz correspondant
Distribution des résultats
% des personnes avec chaque résultat
Percentile par nombre de réponses
Votre historique - résultats
Vous n’avez pas pris ce quiz